Đặc điểm tiểu thuyết Nguyễn Việt Hà
Tiểu thuyết Nguyễn Việt Hà trong sự vận động của tiểu thuyết Việt Nam đương đại. Thế giới nhân vật trong tiểu thuyết Nguyễn Việt Hà. Biểu hiện nghệ thuật trong tiểu thuyết Nguyễn Việt hà
Đã lưu trong:
| 主要作者: | |
|---|---|
| 其他作者: | |
| 格式: | 图书 |
| 语言: | Vietnamese |
| 出版: |
Đại học Đà Nẵng
Trường Đại học Sư Phạm
2011
|
| 丛编: | Luận văn thạc sỹ khoa học xã hội và nhân văn. Chuyên ngành: Văn học Việt Nam. MS: 60.22.34
|
| 主题: | |
| 标签: |
添加标签
没有标签, 成为第一个标记此记录!
|
| Thư viện lưu trữ: | Mạng thư viện Đại học Đà Nẵng |
|---|
| LEADER | 01637nam a2200361 4500 | ||
|---|---|---|---|
| 001 | 000012286 | ||
| 003 | 8580 | ||
| 005 | 20120222080210.0 | ||
| 008 | 120217s2011 viesd | ||
| 041 | |a vie | ||
| 072 | |a Luận văn thạc sỹ khoa học | ||
| 082 | |a 895.9223 |b LÊ-H | ||
| 100 | |a Lê, Khánh Hà | ||
| 245 | |a Đặc điểm tiểu thuyết Nguyễn Việt Hà |c Lê, Khánh Hà | ||
| 260 | |a Đại học Đà Nẵng |b Trường Đại học Sư Phạm |c 2011 | ||
| 300 | |a 82 tr. |b Tóm tăt, CD, Phụ lục, hình ảnh minh họa |c 19 cm | ||
| 490 | |a Luận văn thạc sỹ khoa học xã hội và nhân văn. Chuyên ngành: Văn học Việt Nam. MS: 60.22.34 | ||
| 500 | |a Tham khảo phụ lục trang 77 | ||
| 520 | |a Tiểu thuyết Nguyễn Việt Hà trong sự vận động của tiểu thuyết Việt Nam đương đại. Thế giới nhân vật trong tiểu thuyết Nguyễn Việt Hà. Biểu hiện nghệ thuật trong tiểu thuyết Nguyễn Việt hà | ||
| 653 | |a Nguyễn Việt Hà | ||
| 653 | |a tiểu thuyết | ||
| 653 | |a văn học Việt nam | ||
| 700 | |a Ngô Minh Hiền |c TS |e Hướng dẫn | ||
| OWN | |a LSP | ||
| AVA | |a UDN50 |b LSP |d 895.9223 LÊ-H |e available |t Error 5001 Not defined in file expand_doc_bib_avail. |f 1 |g 0 |h N |i 0 |k 1 | ||
| 999 | |a From the UDN01 | ||
| AVA | |a UDN50 |b LSP |d 895.9223 LÊ-H |e available |t Error 5001 Not defined in file expand_doc_bib_avail. |f 1 |g 0 |h N |i 0 |k 1 | ||
| TYP | |a Monograph | ||
| TYP | |a Printed language | ||
| 980 | |a Mạng thư viện Đại học Đà Nẵng | ||